[Event "Scarborough CC-ch"]
[Site "Toronto"]
[Date "2019.05.02"]
[Round "5.10"]
[White "Leblanc, Miguel"]
[Black "Mendoza, Armand Jess"]
[Result "0-1"]
[WhiteElo "1931"]
[BlackElo "2005"]
[PlyCount "110"]
[EventDate "2019.04.04"]
[EventType "swiss"]
[EventRounds "8"]
[EventCountry "CAN"]
[SourceTitle "EXT 2022"]
[Source "ChessBase"]
[SourceDate "2021.10.06"]
[SourceVersion "1"]
[SourceVersionDate "2021.10.06"]
[SourceQuality "1"]

1. d4 Nf6 2. Bf4 d6 3. Nc3 h6 4. e4 c6 5. a4 g5 6. Bg3 Bg7 7. Bc4 Qa5 8. f3 Qb4 9. Qd3 Nh5 10. Nge2 Nxg3 11. Nxg3 Be6 12. Bxe6 fxe6 13. 0-0-0 c5 14. e5 0-0 15. Qg6 cxd4 16. Nh5 Rf7 17. Ne4 Nd7 18. Nxg7 Nf8 19. Qxh6 Rxg7 20. h4 Qxa4 21. exd6 Rc8 22. c3 dxc3 23. Nxc3 Qf4+ 24. Rd2 exd6 25. hxg5 Rh7 26. Rh4 Qxh4 27. Qf6 Rf7 28. Qh6 Qxh6 29. gxh6 d5 30. Rd4 Kh7 31. Kd2 Kxh6 32. Rh4+ Kg7 33. Nb5 Ng6 34. Ra4 Rc5 35. Nd4 Rc4 36. Rxc4 dxc4 37. Nxe6+ Kf6 38. Nd4 Ke5 39. Kc3 Rd7 40. Nb5 a6 41. Na3 b5 42. Nb1 a5 43. Nd2 Rd3+ 44. Kc2 Kd4 45. b3 Rc3+ 46. Kd1 cxb3 47. Nb1 b2 48. Nxc3 Kxc3 49. Ke2 b1Q 50. Kf2 Kd3 51. Kg3 Ke3 52. f4 Nxf4 53. Kh2 Qg6 54. g4 Qxg4 55. Kh1 Qg2# 0-1

[Event "Scarborough CC-ch"]
[Site "Toronto"]
[Date "2019.04.25"]
[Round "4.9"]
[White "Mendoza, Armand Jess"]
[Black "Zhao, Jeffrey R"]
[Result "0-1"]
[WhiteElo "2005"]
[BlackElo "2076"]
[PlyCount "142"]
[EventDate "2019.04.04"]
[EventType "swiss"]
[EventRounds "8"]
[EventCountry "CAN"]
[SourceTitle "EXT 2022"]
[Source "ChessBase"]
[SourceDate "2021.10.06"]
[SourceVersion "1"]
[SourceVersionDate "2021.10.06"]
[SourceQuality "1"]

1. e4 c5 2. Nf3 d6 3. d4 cxd4 4. Nxd4 Nf6 5. Nc3 a6 6. Be2 e5 7. Nf3 Be7 8. 0-0 h6 9. h3 Be6 10. a4 0-0 11. Be3 Qc7 12. a5 Nbd7 13. Nh2 Rac8 14. Ng4 Qc6 15. Bd3 Rfd8 16. Nxf6+ Nxf6 17. f4 d5 18. Bb6 Rd7 19. f5 dxe4 20. fxe6 Qxe6 21. Nxe4 Nxe4 22. Qe1 Nd6 23. Ra4 f5 24. c4 Kh8 25. c5 Ne4 26. Bxe4 fxe4 27. Qxe4 Qc6 28. Qg4 Bxc5+ 29. Bxc5 Qxc5+ 30. Kh1 Rcd8 31. Raa1 Re7 32. b4 Qb5 33. Qh4 Qe8 34. Rf5 Red7 35. Qe4 Re7 36. Raf1 Kg8 37. Qc4+ Kh7 38. Qe4 Rd4 39. Qe1 e4 40. Rf8 Qd7 41. Qb1 Rd2 42. Qb3 Qd5 43. Qe3 Rd3 44. Qc5 Qxc5 45. bxc5 Ra3 46. R8f7 Rxf7 47. Rxf7 Rxa5 48. Rxb7 Rxc5 49. Re7 Rc4 50. Re5 Ra4 51. Kg1 Kg6 52. Kf2 Kf6 53. Re8 a5 54. Ke3 Rb4 55. Ra8 a4 56. g4 Kg5 57. Ra5+ Kh4 58. Rh5+ Kg3 59. g5 hxg5 60. Rxg5+ Kxh3 61. Rxg7 Kh4 62. Kf4 Kh5 63. Rg5+ Kh6 64. Ra5 Kg6 65. Ra6+ Kf7 66. Kf5 e3 67. Ra7+ Ke8 68. Ra5 Kd7 69. Re5 Rb3 70. Kf4 a3 71. Kf3 Kd6 0-1

[Event "Toronto op U1600"]
[Site "Toronto"]
[Date "2014.04.20"]
[Round "6"]
[White "Mendoza, Armand Jess"]
[Black "Gryn, Maksym"]
[Result "0-1"]
[WhiteElo "1553"]
[BlackElo "1445"]
[PlyCount "68"]
[EventDate "2014.04.18"]
[EventType "swiss"]
[EventRounds "6"]
[EventCountry "CAN"]
[SourceTitle "EXT 2022"]
[Source "ChessBase"]
[SourceDate "2021.10.06"]
[SourceVersion "1"]
[SourceVersionDate "2021.10.06"]
[SourceQuality "1"]

1. e4 e5 2. Nf3 Nc6 3. Bc4 Nf6 4. Nc3 Bb4 5. 0-0 0-0 6. Re1 d6 7. d3 Bg4 8. a3 Ba5 9. b4 Bb6 10. Ne2 Bxf3 11. gxf3 Nh5 12. Rf1 Qh4 13. Kg2 Kh8 14. c3 f5 15. exf5 Rxf5 16. Ng3 Nf4+ 17. Bxf4 Rxf4 18. Bd5 Ne7 19. Be6 Raf8 20. Bg4 g6 21. Rg1 h5 22. Bd7 Rxf3 23. Qxf3 Rxf3 24. Kxf3 Qf4+ 25. Kg2 Qxf2+ 26. Kh3 Qe3 27. Rgf1 Nd5 28. Kh4 Qxd3 29. Rad1 Qc4+ 30. Kg5 Be3+ 31. Kxg6 Nf4+ 32. Kf6 Qg8 33. Rxf4 Bxf4 34. Nf5 Bg5# 0-1